Państwa o największym eksporcie - Statystyki

Ogólne statystyki
  • Ten quiz został rozwiązany 168 razy
  • Średni wynik to 16 z 20
Statystyki odpowiedzi
Eksportuje Państwo % Poprawnych
$1486 bil Niemcy
100%
$1645 bil Stany Zjednoczone
100%
$3034 bil Chiny
99%
$555 bil Francja
97%
$423 bil Rosj
94%
$706 bil Japonia
93%
$542 bil Włochy
92%
$339 bil Hiszpania
91%
$322 bil Indie
90%
$468 bil Wielka Brytania
90%
$447 bil Kanada
89%
$273 bil Australia
83%
$472 bil Meksyk
83%
$542 bil Korea Południowa
82%
$721 bil Holandia
67%
$452 bil Belgia
61%
$314 bil Szwajcaria
48%
$330 bil Tajwan
45%
$304 bil Wietnam
45%
$390 bil Singapur
34%
Nie znaleziono quizów pasujących do podanych kryteriów
Rozkład punktacji
Procent ludzi z każdym wynikiem
Percentyl według liczby udzielonych odpowiedzi
Twoja historia wyników
Nie rozwiązałeś tego quizu